[Event "Ho Chi Minh City HD Bank op-B 6th"]
[Site "Ho Chi Minh City"]
[Date "2016.03.09"]
[Round "3"]
[White "Hoang, Minh Hieu"]
[Black "Ting, Marvin"]
[Result "0-1"]
[WhiteElo "1479"]
[BlackElo "1950"]
[PlyCount "108"]
[EventDate "2016.03.08"]
[EventType "swiss"]
[EventRounds "9"]
[EventCountry "VIE"]
[SourceTitle "CBM 171 Extra"]
[Source "ChessBase"]
[SourceDate "2016.04.26"]
[SourceVersion "1"]
[SourceVersionDate "2016.04.26"]
[SourceQuality "1"]

1. d4 Nf6 2. c4 c5 3. d5 b5 4. b3 g6 5. Bb2 Bg7 6. e4 d6 7. cxb5 a6 8. f3 0-0 9. Na3 Qa5+ 10. Qd2 Qxd2+ 11. Kxd2 Nxe4+ 12. Kc2 Bxb2 13. Kxb2 Nf2 14. Bc4 Nxh1 15. Ne2 Nf2 16. Rf1 Nh3 17. gxh3 Bxh3 18. Re1 axb5 19. Nxb5 Bd7 20. Nec3 e6 21. Nxd6 exd5 22. Nxd5 Bc6 23. Nc7 Ra7 24. Re7 Rd8 25. Nxf7 Kf8 26. Nxd8 Kxe7 27. Nxc6+ Nxc6 28. Nd5+ Kd6 29. f4 Rf7 30. a4 Rf5 31. Kc3 Rxd5 32. Bxd5 Kxd5 33. h3 Nb4 34. h4 Kc6 35. Kc4 Nd5 36. a5 Nxf4 37. a6 Ng2 38. h5 gxh5 39. a7 Kb7 40. Kxc5 h4 41. b4 h3 42. b5 h2 43. b6 h1Q 44. Kd6 Qh6+ 45. Kd7 Qxb6 46. a8Q+ Kxa8 47. Ke7 Kb8 48. Kf7 Kc8 49. Kg7 Kd7 50. Kf7 h5 51. Kg8 Ke6 52. Kf8 Kf6 53. Kg8 Qb7 54. Kh8 Qg7# 0-1